La entrevista (Record no. 123276)

MARC details
000 -LEADER
campo de control de longitud fija 00508nam a2200181 4500
001 - NÚMERO DE CONTROL
campo de control 123276
003 - IDENTIFICADOR DE NÚMERO DE CONTROL
campo de control ES-MaACL
007 - CAMPO FIJO DE DESCRIPCIÓN FÍSICA--INFORMACIÓN GENERAL
campo de control de longitud fija t|
008 - DATOS DE LONGITUD FIJA--INFORMACIÓN GENERAL
campo de control de longitud fija 070214s1984 sp r ||||0| spa d
100 1# - ENTRADA PRINCIPAL--NOMBRE DE PERSONA
Nombre de persona Quesada, Montse.
9 (RLIN) 94563
245 13 - MENCIÓN DEL TÍTULO
Título La entrevista
Resto del título : obra creativa /
Mención de responsabilidad, etc. Montse Quesada.
260 ## - PUBLICACIÓN, DISTRIBUCIÓN, ETC.
Lugar de publicación, distribución, etc. Barcelona :
Nombre del editor, distribuidor, etc. Mitre,
Fecha de publicación, distribución, etc. 1984.
300 ## - DESCRIPCIÓN FÍSICA
Extensión 137 p ;
Dimensiones 19 cm.
490 1# - MENCIÓN DE SERIE
Mención de serie Textos de periodismo
830 0# - PUNTO DE ACCESO ADICIONAL DE SERIE-TÍTULO UNIFORME
Título uniforme Textos de periodismo
9 (RLIN) 182810
852 ## - LOCALIZACIÓN
Ubicación ES-MaACL
Número de control de estantería L-7532
Sublocalización o colección R.108189
Holdings
Estatus retirado Estado de pérdida Estado de daño No para préstamo Biblioteca de origen Biblioteca actual Ubicación en estantería Fecha de adquisición Fuente de adquisición Total de préstamos Signatura topográfica completa Código de barras Visto por última vez Precio de reemplazo Tipo de ítem Koha
        Biblioteca del Ateneo de Madrid Biblioteca del Ateneo de Madrid Depósito 2 17/01/2008     L-7532 1128448 23/02/2023 23/02/2023 Libro impreso